|
|
|
|
| LEADER |
00000nam a22000007a 4500 |
| 003 |
cru CIDCACS/IIS |
| 005 |
20220202062539.0 |
| 008 |
190322b2008 CR ||||| |||| 00| 0 spa d |
| 999 |
|
|
|c 42257
|d 42257
|
| 020 |
|
|
|a sin ISBN
|
| 040 |
|
|
|c cru CIDCACS/IIS
|
| 090 |
|
|
|a 09.05.01 V951a
|
| 100 |
1 |
|
|9 1053
|a Voorend, Koen
|
| 243 |
1 |
|
|a Relaciones Unión Europea-.Centraomérica.^bApuntes para el debate en el marco de la negociación del Ada
|
| 245 |
|
|
|a Mesa No. 2
|b Relaciones UE-CA/
|c Koen Voorend y Constantino Urcuyo
|
| 260 |
|
|
|a San José, Costa Rica:
|b IIS
|
| 300 |
|
|
|a 61 páginas
|
| 650 |
|
0 |
|9 304
|a COMERCIO EXTERIOR
|
| 650 |
|
0 |
|a TRATADO DE LIBRE COMERCIO
|9 3831
|
| 650 |
|
0 |
|9 2848
|a DESIGUALDAD REGIONAL
|
| 650 |
|
0 |
|9 1231
|a UNION EUROPEA
|
| 651 |
|
0 |
|9 308
|a CENTROAMERICA
|
| 942 |
|
|
|2 ddc
|c LI
|